PEDIATRICS BOARD REVIEW (Record no. 59623)
[ view plain ]
| 000 -LEADER | |
|---|---|
| fixed length control field | 00341nam a22001457a 4500 |
| 008 - FIXED-LENGTH DATA ELEMENTS--GENERAL INFORMATION | |
| fixed length control field | 230427b ||||| |||| 00| 0 eng d |
| 020 ## - INTERNATIONAL STANDARD BOOK NUMBER | |
| International Standard Book Number | 9781932703269 |
| 041 ## - LANGUAGE CODE | |
| Language code of text/sound track or separate title | eng |
| 080 ## - UNIVERSAL DECIMAL CLASSIFICATION NUMBER | |
| Edition identifier | 3RD EDITION |
| Universal Decimal Classification number | 616.53 |
| 082 ## - DEWEY DECIMAL CLASSIFICATION NUMBER | |
| Classification number | 616.53CRO |
| 100 ## - Rafti | |
| Rafti | 14 |
| 101 ## - Shkurtesa | |
| Shkurtesa | PEDIA |
| 245 ## - TITLE STATEMENT | |
| Title | PEDIATRICS BOARD REVIEW |
| Statement of responsibility, etc | CROSS/HANNAMAN |
| 942 ## - ADDED ENTRY ELEMENTS (KOHA) | |
| Source of classification or shelving scheme | |
| Item type | Books |
| Withdrawn status | Lost status | Source of classification or shelving scheme | Damaged status | Not for loan | Collection code | Permanent location | Current location | Date acquired | Total Checkouts | Full call number | Barcode | Date last seen | Price effective from | Koha item type |
|---|---|---|---|---|---|---|---|---|---|---|---|---|---|---|
| Koleksioni i përgjithshem | UBT - Lipjan | UBT - Lipjan | 04/27/2023 | 616.53CRO | 002-8000802 | 04/27/2023 | 04/27/2023 | Books | ||||||
| Koleksioni i përgjithshem | UBT - Lipjan | UBT - Lipjan | 04/27/2023 | 616.53CRO | 002-8000803 | 04/27/2023 | 04/27/2023 | Books | ||||||
| Koleksioni i përgjithshem | UBT - Lipjan | UBT - Lipjan | 04/27/2023 | 616.53CRO | 002-8000804 | 04/27/2023 | 04/27/2023 | Books | ||||||
| Koleksioni i përgjithshem | UBT - Lipjan | UBT - Lipjan | 04/27/2023 | 616.53CRO | 002-8000805 | 04/27/2023 | 04/27/2023 | Books | ||||||
| Koleksioni i përgjithshem | UBT - Lipjan | UBT - Lipjan | 04/27/2023 | 616.53CRO | 002-8000806 | 04/27/2023 | 04/27/2023 | Books |